000 00455cam a22001097a 4500
008 180718b1966 xxu||||| |||| 00| 0 eng d
082 _aY11x42 Un3
245 _aReport of the land use study group : forestry, Agriculture and the multiple use of rural land
_cby Department of Education and Science, United Kingdom
260 _aLondon
_bHer Majesty's Stationery Office
_c1966
300 _a110+p.
700 _aUnited Kingdom. Department of Education and Science
999 _c499085
_d499085